000 00756nam a2200265 i 4500
001 19371
003 ES-MaACL
005 20250525063032.0
007 t|
008 020723s2001 sp |||| |dspa d
020 _a84-282-1241-4
080 _a929 Baroja, Pío
080 _a821.134.2 Baroja, Pío 1.07
080 _a821.134.2-82"19"
100 1 _aMendoza, Eduardo,
_d1943-
_9240676
245 1 0 _aPío Baroja /
_cEduardo Mendoza.
260 _aBarcelona :
_bOmega,
_c[2001]
300 _a192 p. ;
_c20 cm.
490 1 _aVidas literarias
600 1 4 _aBaroja, Pío,
_d1872-1956
_925752
700 1 _aBaroja, Pío,
_d1872-1956
_925752
830 0 _aVidas literarias
_9181947
852 _aES-MaACL
_jL-25763
999 _c19371
_d19371